Política industrial rural y fortalecimiento de cadenas de valor (Registro nro. 3786)

Detalles MARC
000 -LEADER
fixed length control field 01759 a2200241 4500
001 - CONTROL NUMBER
control field 44407
005 - DATE AND TIME OF LATEST TRANSACTION
control field 20260407155721.0
008 - FIXED-LENGTH DATA ELEMENTS--GENERAL INFORMATION
fixed length control field 260407a2017 arg spa d
003 - CONTROL NUMBER IDENTIFIER
control field AR-UNSa-BCEJYS
040 ## - CATALOGING SOURCE
Original cataloging agency AR-UNSa-BCEJYS
Language of cataloging spa
Transcribing agency AR-UNSa-BCEJYS
080 ## - UNIVERSAL DECIMAL CLASSIFICATION NUMBER
Universal Decimal Classification number 338.43
Common auxiliary subdivision Agricultura como una rama de la economía. Economía de los productos alimenticios
020 ## - INTERNATIONAL STANDARD BOOK NUMBER
International Standard Book Number 978-92-1-121952-4
041 ## - LANGUAGE CODE
Language code of text/sound track or separate title spa
100 1# - MAIN ENTRY--PERSONAL NAME
Personal name Naciones Unidas. Comisión Económica para América Latina y el Caribe (CEPAL)
245 10 - TITLE STATEMENT
Title Política industrial rural y fortalecimiento de cadenas de valor
264 #1 - PRODUCTION, PUBLICATION, DISTRIBUTION, MANUFACTURE, AND COPYRIGHT NOTICE
Place of production, publication, distribution, manufacture Santiago de Chile :
Name of producer, publisher, distributor, manufacturer CEPAL (Comisión Económica para América Latina y el Caribe)
Date of production, publication, distribution, manufacture, or copyright notice 2017
300 ## - PHYSICAL DESCRIPTION
Extent 236 p.
Dimensions 22 cm.
505 ## - FORMATTED CONTENTS NOTE
Formatted contents note Capítulo I. Desafíos en materia de desarrollo productivo en el espacio rural de Centroamérica y la República Dominicana / Verónica Quiroz Estrada - Capítulo II. Política industrial rural / Ramón Padilla Pérez, Verónica Quiroz Estrada - Capítulo III. Metodología para el fortalecimiento de cadenas de valor / Ramón Padilla Pérez, Nahuel Oddone - Capítulo IV. La selección de cadenas de valor en el contexto de una política industrial / Caroline Gomes Nogueira, Ramón Padilla Pérez, Francisco G. Villarreal - Capítulo V. El fortalecimiento de cadenas de valor de productos primarios y agroindustriales / Ramón Padilla Pérez - Capítulo VI. El fortalecimiento de las cadenas de valor turísticas en los espacios rurales / Stefanie Garry, Nahuel Oddone - Capítulo VII. Conclusiones / Ramón Padilla Pérez
590 ## - LOCAL NOTE (RLIN)
Local note niveau_biblio:m niveau_hierar:0
700 1# - ADDED ENTRY--PERSONAL NAME
Personal name Padilla Pérez, Ramón
856 41 - ELECTRONIC LOCATION AND ACCESS
Uniform Resource Identifier <a href="https://biblioeco.unsa.edu.ar/pmb/images/libros/L126876.jpg">https://biblioeco.unsa.edu.ar/pmb/images/libros/L126876.jpg</a>
Link text Imagen de portada
Electronic format type image/jpeg
942 ## - ADDED ENTRY ELEMENTS (KOHA)
Koha item type
Existencias
Withdrawn status Lost status Damaged status Not for loan Home library Current library Shelving location Date acquired Total checkouts Full call number Barcode Date last seen Price effective from Koha item type
        Biblioteca Prof. Eusebio Cleto del Rey Biblioteca Prof. Eusebio Cleto del Rey   07/04/2026   338.43 P123 L126876 07/04/2026 07/04/2026 Libro